| 000 | 00000nam##2200000za#4500 |
| 001 | 9.699480 |
| 003 | CaOODSP |
| 005 | 20220901140053 |
| 007 | cr ||||||||||| |
| 008 | 150407|2014||||xxc|||||o f|0| 0 eng|d |
| 020 | |a978-1-100-24471-6 |
| 040 | |aCaOODSP|beng |
| 043 | |an-cn--- |
| 086 | 1 |aJ4-35/2014E-PDF |
| 110 | 1 |aCanada.|bJustice Canada. |
| 245 | 10|aCritical review of social science research on parental relocation post-separation/divorce / |h[electronic resource]|cby Michael A. Saini. |
| 260 | |aOttawa - Ontario : |bJustice Canada |cc2014. |
| 300 | |a43p.|breferences, tables |
| 590 | |a15-04|b2015-01-23 |
| 690 | 07|aSingle parent families|2gcpds |
| 775 | 08|tExamen critique des recherches en sciences sociales sur le déménagement des parents à l'extérieur de la région après une séparation ou un divorce / |w(CaOODSP)9.643447 |
| 856 | 40|ahttp://publications.gc.ca|qPDF|s312 KB|uhttps://publications.gc.ca/collections/collection_2015/jus/J4-35-2014-eng.pdf |